Asian Cities by Satellite Images #1 - Statistics

General Stats
  • This quiz has been taken 10 times
  • The average score is 5 of 12
Answer Stats
Picture Answer % Correct
Dubai, United Arab Emirates
100%
Hong Kong, China
56%
Mumbai, India
56%
Shanghai, China
56%
Bangkok, Thailand
44%
Karachi, Pakistan
44%
Kathmandu, Nepal
44%
Beijing, China
33%
Lahore, Pakistan
33%
Delhi, India
22%
Dhaka, Bangladesh
22%
Kolkata, India
22%
No matching quizzes found
Score Distribution
Percent of People with Each Score
Percentile by Number Answered
Your Score History
You have not taken this quiz